Normal view MARC view
  • Litsyn, Simon

Entry Personal Name

Number of records used in: 2

001 - CONTROL NUMBER

  • control field: 115888

003 - CONTROL NUMBER IDENTIFIER

  • control field: NUST

005 - DATE AND TIME OF LATEST TRANSACTION

  • control field: 20230912165642.0

008 - FIXED-LENGTH DATA ELEMENTS

  • fixed length control field: 230912|| aca||aabn | a|a d

040 ## - CATALOGING SOURCE

  • Original cataloging agency: NUST
  • Transcribing agency: NUST

100 ## - HEADING--PERSONAL NAME

  • Personal name: Litsyn, Simon

670 ## - SOURCE DATA FOUND

  • Source citation: Work cat.: (NUST): Litsyn, Simon,, Peak power control in multicarrier communications /, 2007
© 2023 Central Library, National University of Sciences and Technology. All Rights Reserved.